Most Isolated Capitals of Island Countries - Statistics

General Stats
  • This quiz has been taken 37 times
  • The average score is 13 of 20
Answer Stats
Rank Closest Island Capital D (km) Island Capital % Correct
11 Dublin 1.497 Reykjavik
93%
20 Antananarivo 1.054 Port Louis
83%
10 Moroni 1.554 Victoria
83%
3 Nuku'alofa 2.425 Wellington
77%
18 Suva 1.072 Port-Vila
73%
1a 1b 3.697 Praia
73%
13 Yaren 1.277 Palikir
70%
1b 1a 3.697 Sao Tome
70%
15 Yaren 1.249 Honiara
67%
4 16b 2.101 Tokyo
63%
16a 16b 1.157 Manila
60%
16b 16a 1.157 Taipei
60%
14 16a 1.256 Bandar Seri Begawan
57%
6 14 1.902 Dili
57%
19 Suva 1.067 Funafuti
57%
9 16a 1.683 Melekeok
57%
12 15 1.402 Port Moresby
57%
5 7b 1.920 Manama
50%
7a 7b 1.709 Nicosia
47%
7b 7a 1.709 Valletta
47%
No matching quizzes found
Score Distribution
Percent of People with Each Score
Percentile by Number Answered
Your Score History
You have not taken this quiz